Wood adhesives in 1985 : status and needs /

Bibliographic Details
Corporate Authors: Forest Products Research Society, Forest Products Laboratory (U.S.)
Other Authors: Robertson, Doris, White, Julia
Format: Book
Language:English
Published: Madison, Wis. : Forest Products Research Society, [1986]
Series:Proceedings (Forest Products Research Society) ; 47344.
Subjects:

MARC

Tag First Indicator Second Indicator Subfields
LEADER 00000cam a2200000 a 4500
001 in00000025869
005 20151007054513.0
008 870518s1986 wiua 10010 eng d
020 |a 0935018328 
035 |a (OCoLC)15702296 
035 |9 AAB5256AM 
040 |a MMI  |c MMI  |d m/c  |d TXA  |d UtOrBLW 
049 |a TXAM  |c [A11493661] 
050 4 |a TP968  |b .W67 1986 
245 0 0 |a Wood adhesives in 1985 :  |b status and needs /  |c Doris Robertson, proceedings coordinator ; Julia White, editorial assistant. 
264 1 |a Madison, Wis. :  |b Forest Products Research Society,  |c [1986] 
264 4 |c ©1986 
300 |a 327 pages :  |b illustrations ;  |c 28 cm. 
336 |a text  |b txt  |2 rdacontent 
337 |a unmediated  |b n  |2 rdamedia 
338 |a volume  |b nc  |2 rdacarrier 
490 1 |a Proceedings / Forest Products Research Society ;  |v 47344 
500 |a "Papers ... presented at a conference sponsored by the Forest Products Laboratory, USDA Forest Service, in cooperation with the Forest Products Research Society, on May 14-16, 1985, in Madison, Wisconsin." 
504 |a Includes bibliographical references. 
650 0 |a Wood  |x Bonding  |x Congresses. 
650 0 |a Adhesives  |v Congresses. 
700 1 |a Robertson, Doris. 
700 1 |a White, Julia. 
710 2 |a Forest Products Research Society. 
710 2 |a Forest Products Laboratory (U.S.) 
830 0 |a Proceedings (Forest Products Research Society) ;  |v 47344. 
999 |a MARS 
999 f f |s 8360b157-81fd-37c4-9723-f9354c68c137  |i 9ba804c1-e574-3a90-9499-82e74dc54ed2  |t 0 
952 f f |p ric  |a Texas A&M University  |b Rellis Campus  |c Joint Library Facility  |d Remote Storage  |t 0  |e TP968 .W67 1986  |h Library of Congress classification  |i unmediated -- volume  |m A14811493661 
998 f f |a TP968 .W67 1986  |t 0  |l Remote Storage